Principles of quantum mechanics (Record no. 331525)
[ view plain ]
| 000 -LEADER | |
|---|---|
| fixed length control field | 00738 a2200217 4500 |
| 003 - CONTROL NUMBER IDENTIFIER | |
| control field | NUST |
| 005 - DATE AND TIME OF LATEST TRANSACTION | |
| control field | 20180118110450.0 |
| 008 - FIXED-LENGTH DATA ELEMENTS--GENERAL INFORMATION | |
| fixed length control field | 171002b xxu||||| |||| 00| 0 eng d |
| 020 ## - INTERNATIONAL STANDARD BOOK NUMBER | |
| International Standard Book Number | 978-81-317-7335-2 |
| 040 ## - CATALOGING SOURCE | |
| Transcribing agency | SNS |
| 082 00 - DEWEY DECIMAL CLASSIFICATION NUMBER | |
| Classification number | 530.12 TYA |
| 100 1# - MAIN ENTRY--PERSONAL NAME | |
| Personal name | Tyagi, Ishwar Singh |
| 9 (RLIN) | 5157 |
| 245 14 - TITLE STATEMENT | |
| Title | Principles of quantum mechanics |
| Statement of responsibility, etc. | Tyagi, Ishwar Singh |
| 250 ## - EDITION STATEMENT | |
| Edition statement | Pearson India |
| 260 ## - PUBLICATION, DISTRIBUTION, ETC. | |
| Place of publication, distribution, etc. | Delhi |
| Name of publisher, distributor, etc. | Pearson Education |
| Date of publication, distribution, etc. | 2003. |
| 300 ## - PHYSICAL DESCRIPTION | |
| Extent | xiv, 562 p. : |
| Other physical details | ill. ; |
| 500 ## - GENERAL NOTE | |
| General note | . |
| 650 #0 - SUBJECT ADDED ENTRY--TOPICAL TERM | |
| Topical term or geographic name entry element | Quantum theory |
| General subdivision | Physics. |
| 9 (RLIN) | 5158 |
| 942 ## - ADDED ENTRY ELEMENTS (KOHA) | |
| Koha item type | Book |
| Call number prefix | 530.12 TYA |
| Source of classification or shelving scheme | |
| Withdrawn status | Lost status | Source of classification or shelving scheme | Damaged status | Not for loan | Permanent Location | Current Location | Shelving location | Date acquired | Total Checkouts | Full call number | Barcode | Date last seen | Date last checked out | Price effective from | Koha item type |
|---|---|---|---|---|---|---|---|---|---|---|---|---|---|---|---|
| School of Natural Sciences (SNS) | School of Natural Sciences (SNS) | Book Cart | 10/02/2017 | 5 | 530.12 TYA | SNS0002288 | 09/01/2021 | 09/25/2019 | 10/02/2017 | Book |
